Automatický systém riadenia priemyselného podniku

Gespeichert in:
Bibliographische Detailangaben
1. Verfasser: Kováč, Vasil
Format: Buch
Sprache:Slowakisch
Veröffentlicht: Bratislava Alfa 1983
Schriftenreihe:Edícia ekonomickej literatúry
Tags: Tag hinzufügen
Keine Tags, Fügen Sie das erste Tag hinzu!

MARC

LEADER 00000nam a2200000 4500
001 c114994
005 20041019155200.1
041 0 |a slo 
044 |a SK 
245 1 0 |a Automatický systém riadenia priemyselného podniku  |c Vasil Kováč a kol. 
264 1 |a Bratislava  |b Alfa  |c 1983 
300 |a 259 s.  |e príl. 
490 1 |a Edícia ekonomickej literatúry 
830 0 |a Edícia ekonomickej literatúry 
100 1 |a Kováč, Vasil